000 00566nam a2200193 a 4500
001 BRCA_2593
005 20190320203900.0
008 281108s1922----gw-a---###---#000-0#ger-u
050 4 _aNE400
_b.K75 1922
100 1 _aKristeller, James Paul
_d1863-1931
_97406
245 1 0 _aKupferstich und Holtzschnitt in vier Jahrhunderten
_cvon Paul Kristeller.
260 _aBerlin
_bB. Cassirer
_c1922
300 _a601 p.
_bil.
_c25 cm.
500 _aA57
650 1 4 _aGrabado
_xHistoria
_91591
650 1 4 _aGrabado en madera
_xHistoria
_97363
902 _aGFM
942 _2lcc
_cB
999 _c2333
_d2333